000 00525nam 22001813 4500
001 201787
010 _a972-42-1086-3
021 _b85521/95
090 _a201787
100 _a20260416d u||y0pory50 ba
200 _aAté breve!
_fMary Higgins Clark
_gtradução de Maria Emília Ferros Moura
210 _aLisboa
_cCírculo de Leitores
_d1995
215 _a336 p.
_cbrochado
_d20 cm
606 _916
_aLiteratura Americana
675 _a821.111(73)-3
_vPT
_zpor
801 _aPT
_bBMMN
_gRPC
830 _cFernando
_fFernando
990 _cLIVROS